Pokemon anime minor characters - Statistics

General Stats
  • This quiz has been taken 46 times
  • The average score is 7 of 20
Answer Stats
Hint Answer % Correct
Dawn's main rival and winner of the Sinnoh Grand Festival Zoey
70%
Infamous Pokemon hunter from Sinnoh that perished in Lake Valor Hunter J
67%
A Pokemon impressionist that owns two Ditto Duplica
64%
A Pokemon journalist from Lumiose City whose sister is a gym leader Alexa
61%
Die-hard fan of the Electabuzz baseball team Casey
61%
Unova League semi-finalist, losing out to the eventual winner Cameron
55%
A Pokemon coordinator that always attempts to humiliate May Harley
55%
One of Serena's rivals, owns a Slurpuff and is passionate about baking Miette
45%
Paul's brother who became a Pokemon breeder after failing to win the Brave Symbol Reggie
45%
Lana's younger sisters and called Harper and _____ Sarah
42%
An aspiring filmmaker from Unova that produced "The Legend of the Pokemon Knight" Luke
27%
"Remarkable!" Mr. Sukizo
24%
Runs the Solaceon Town daycare along with their parents Angie
21%
Mallow's father and owner of the family restaurant Abe
15%
Damos' assistant who betrayed Arceus and tried to destroy him Marcus
15%
Trainer from Twinleaf Town who fans believed was Cynthia's daughter Verity
12%
Was invited to New Island and attempted to capture Mewtwo, using a Rhyhorn to battle Corey
9%
Self-proclaimed "Man of the Sea" Adam
6%
A Snorlax trainer who uses technology to train his Pokemon Daniel
6%
The mayor of Marion Town - originally died in a landslide Nick
3%
No matching quizzes found
Score Distribution
Percent of People with Each Score
Percentile by Number Answered
Your Score History
You have not taken this quiz